| 000 | 00914 a2200229 4500 | ||
|---|---|---|---|
| 005 | 20251223105356.0 | ||
| 008 | 251223b |||||||| |||| 00| 0 eng d | ||
| 037 | _cTB | ||
| 040 |
_aCRL _cCRL |
||
| 041 |
_2pun _apun |
||
| 084 |
_aP153 R1 _qCRL |
||
| 100 |
_aਸੰਘਾ, ਸੁਖਵਿੰਦਰ ਸ _9847648 |
||
| 245 | _aਪੰਜਾਬੀ ਭਾਸ਼ਾ ਵਿਗਿਆਨ | ||
| 246 | _aPanjabi Bhasha Vigian / Sukhvinder S. Sangha, | ||
| 260 |
_aJalandhar, India: _bਪੰਜਾਬੀ ਬਾਸ਼ਾ ਅਕੈਡਮੀ / Punjabi Bhasha Academy, _c2021. |
||
| 300 | _a263p. | ||
| 365 |
_b595.00 _cINR |
||
| 650 |
_aਪੰਜਾਬੀ ਭਾਸ਼ਾ _9858879 |
||
| 650 |
_aਭਾਸ਼ਾ ਵਿਗਿਆਨ _9858880 |
||
| 942 |
_cTB _2CC _n0 _hP153 R1 |
||
| 999 |
_c1464625 _d1464625 |
||